Почему? (по повести Бориса Жидкова "Что я видел"): книга для чтения по русскому языку для детей соотечественников, проживающих за рубежом

Bibliographische Detailangaben
1. Verfasser: Бердичевский А. Л. Анатолий Леонидович
Sprache:Russisch
Veröffentlicht: Москва, Русский язык. Курсы, 2012
Schlagworte:
Format: Buch
KOHA link:https://koha.lib.tpu.ru/cgi-bin/koha/opac-detail.pl?biblionumber=334223

MARC

LEADER 00000nam0a2200000 4500
001 334223
005 20231102004631.0
010 |a 9785883373007 
035 |a (RuTPU)RU\TPU\book\360252 
090 |a 334223 
100 |a 20170713d2012 c y0rusy50 ca 
101 0 |a rus 
102 |a RU 
105 |a a j 000zy 
200 1 |a Почему? (по повести Бориса Жидкова "Что я видел")  |e книга для чтения по русскому языку для детей соотечественников, проживающих за рубежом  |f А. Л. Бердичевский 
210 |a Москва  |c Русский язык. Курсы  |d 2012 
215 |a 72 с.  |c ил. 
606 1 |a Русский язык  |x Хрестоматии для нерусских  |2 stltpush  |3 (RuTPU)RU\TPU\subj\26402  |9 50342 
610 1 |a лексика 
610 1 |a чтение 
610 1 |a русский язык как иностранный 
610 1 |a упражнения 
686 |a Ш141.2-96  |v LBC/SL-A  |2 rubbk 
700 1 |a Бердичевский  |b А. Л.  |g Анатолий Леонидович 
801 1 |a RU  |b 63413507  |c 20170713 
801 2 |a RU  |b 63413507  |c 20221212  |g RCR 
942 |c BK